Anime Charaktere die Izumi heißen - Statistiken

Allgemein
  • Dieses Quiz wurde 17 mal gespielt
  • Das Durchschnittsergebnis liegt bei 2 aus 9
Antwortstatistiken
Anime Name % Korrekt
Naruto Izumi Uchiha
57%
Digimon Koushiro Izumi/Izzy
36%
Another Izumi Akazawa
21%
Digimon Frontier Izumi Orimoto
21%
Lucky Star Konata Izumi
21%
Musaigen no Phantom World Reina Izumi
21%
Dogs Days Cinque Izumi
14%
Eromanga-Sensei Sagiri Izumi
14%
Eromanga-Sensei Masamune Izumi
7%
Keine übereinstimmenden Quizze gefunden
Verteilung der Resultate
Anzahl Personen mit jedem Resultat
Perzentil nach korrekt beantworteten Fragen
Ihre Resultats-Entwicklung
Sie haben dieses Quiz noch nicht gespielt